El don de la vida
Uloženo v:
| Korporativní autor: | |
|---|---|
| Médium: | Kniha |
| Jazyk: | španělština |
| Vydáno: |
Madrid
Palabra
2002
|
| Edice: | Libros Palabra
|
| Témata: | |
| Tagy: |
Přidat tag
Žádné tagy, Buďte první, kdo vytvoří štítek k tomuto záznamu!
|
MARC
| LEADER | 00000nam a2200000 a 4500 | ||
|---|---|---|---|
| 001 | UCK2729 | ||
| 003 | CL-VaPUC | ||
| 008 | 050318e20020000SP |||||||||||||||||spa|d | ||
| 020 | |a 8471188643 | ||
| 082 | 0 | 4 | |a 176 |b CON |2 21 |
| 110 | 2 | |a Congregación para la Doctrina de la Fe |e author |9 490686 | |
| 245 | 1 | 3 | |a El don de la vida |
| 300 | |a 172 p | ||
| 942 | |c BK | ||
| 945 | |d 20050318 00:00:00 |a cmena | ||
| 260 | |a Madrid |b Palabra |c 2002 | ||
| 650 | 7 | |a ETICA SEXUAL |2 CL-VaPUC |9 490687 | |
| 650 | 0 | |a Reproducción humana |9 257469 | |
| 650 | 0 | |a Manipulación genética |9 373579 | |
| 650 | 0 | |a Derecho a la vida |9 337220 | |
| 583 | |a last modification |c 20050318 00:00:00 |k Rodrigo Vera | ||
| 490 | 0 | |a Libros Palabra | |
| 999 | |c 312190 |d 312188 | ||
| 952 | |0 0 |1 0 |4 0 |6 176_000000000000000_CON_2002 |7 0 |8 A |9 382102 |a BIBTEO |b BIBTEO |d 2019-11-21 |i 4099850 |l 1 |o 176 CON 2002 |p 4099850 |r 2025-05-05 |s 2025-04-29 |w 2019-11-21 |y BK |k ICR | ||